00426nam a2200169Ia 4500003000400000005001700004008004100021020001800062040000700080041001200087082001700099100001700116245004600133260004200179365001300221650002200234OSt20250811183250.0210423s2009 xx 000 0 und d a9788120326477 cAL aEnglish a320.5 bPRAE aPrabhu C S R aE governanceb: concepts and case studies aNew DelhibPHI Learning Pvt Ltdc2009 b295cINR aPolitical Science